00485nam a2200193 a 4500001001300000003000900013005001700022008004100039020001000080082001700090100002000107245002100127260004000148300000900188500003500197505001300232650002600245700002000271nice12345678IN_TiNIC20260116015210.0050524s1938 lona grp 000 0 eng  ac10000a294.592bMAC aMacnicol, Nicol aHindu Scriptures aLondonbJ. M. Dent & Sons Ltdc1938 a293p aincludes index and biblioraphy2 aGlossary aHinduism-Sacred Books1 aMacnicol, Nicol